000 00992nam a2200253 a 4500
001 71280
003 BD-RjUL
005 20211209082109.0
008 170430s1965 ii ||||| |||| 00| 0 ben d
020 _c: TK. 4.00
035 _a(BD-RjUL)71496
040 _aBD-RjUL
_bben
_cBD-RjUL
_dBD-RjUL
041 _aben
082 _223
_a891.4414
_bSAR 1965
100 _aসরকার, অমূল্য
_9210906
245 _aরবীন্দ্রনাথের সাহিত্যতত্ত্ব /
_cঅমূল্য সরকার
260 _aকলিকাতা :
_bপ্রশান্তকুমার পালিত,
_c১৯৬৫.
300 _a১৬৭ পৃ. ;
_c২৪ সেমি.
600 _aঠাকুর, রবীন্দ্রনাথ
_d১৮৬১-১৯৪১
_9210912
600 _aTagore, Rabindranath
_d1861-1941
_9210913
650 _aবাংলা সাহিত্য
_9210909
650 _aBengali Literature
_9210910
942 _2ddc
_cBK
999 _c71280
_d71280